Responses for Show #7478 - Wednesday, March 1, 2017

Contestants

[<< previous game]

Joe Friedman, a family medical physician from Charlotte, North Carolina

Kate Edwards, a tech startup founder from Venice, California

Rob Liguori, a research editor from Brooklyn, New York (whose 1-day cash winnings total $19,601)

[next game >>]

Jeopardy! Round responses

TAKE ME OUT TO THE CLASSICAL MUSIC GAME
HEALTH & MEDICINE
CLICHES
A SMALL COLLEGE
OBJECTS
STANDUP, SITCOM
    $200 26
[The end-of-round signal sounds.]

Beethoven

Rob
    $200 3
obesity

Rob
    $200 16
the wind

Joe
    $200 1
(Kate: What is Iowa?)

Missouri

RobKate
    $200 7
a lei (or a wreath)

Kate
    $200 13
Ellen (DeGeneres)

Joe
    $400 17
the common cold

Joe
    $400 9
in the details

Rob
    $400 2
Gallaudet

Joe
    $400 6
(Rob: What is a chalice?)

a font

Rob
Triple Stumper
    $400 11
(Joe: Who is Ellen?)

Roseanne (Barr)

KateJoe
    $600 19
biopsy

Rob
    $800 18
Dodge

Joe
    $600 4
Bowdoin

Rob
    $600 8
your fireplace

Triple Stumper
    $600 12
(Kate: What is The King of Queens?

Kevin Can Wait

RobKate
    $800 23
EpiPen

Joe
    $800 20
far between

Rob
    $800 5
Bryn Mawr

Rob
    $800 10
a scepter

Rob
    $800 14
Garry Shandling

Kate
    $1000 24
tachycardia

Kate
    $1000 25
the optics

Triple Stumper
    $1000 21
(Rob: What is Oberlin?)

Miami University of Ohio

Rob
Triple Stumper
    $1000 22
(Alex: Minute to go now, less.)

the Oscar

Joe
    $1000 15
(Marc) Maron

Rob

Scores at the first commercial break (after clue 15):

Rob Kate Joe
$4,200 $600 $200

Scores at the end of the Jeopardy! Round:

Rob Kate Joe
$4,800 $1,600 $3,400

Double Jeopardy! Round responses

THE FRUITS OF LABOR
LITERARY TITLE CHARACTERS
THE GREAT DEPRESSION
COLOR THAT FLAG!
SPORTS CARS?
PLUS "C"
(Alex: Each response is two words--one with a C, one without a C.)
    $400 1
peaches

Rob
    $400 6
Robinson Crusoe

Joe
    $400 16
October

Kate
    $400 21
blue and white

Rob
    $400 8
the Cavaliers

Rob
    $400 4
coven and oven

Joe
    $800 2
apples

Rob
    $800 7
Sophie's Choice

Rob
    $800 17
the Securities and Exchange Commission

Kate
    $800 23
white, orange and green

Joe
    $800 9
hockey

Rob
    $800 5
true and truce

Triple Stumper
    $1200 3
Bartlett

Joe
    $1200 22
Dr. Dolittle

Rob
    $1200 18
(Kate: What is a television?)

radio

RobKate
    $200 27
(Kate: What are red and white?)

red and yellow

Kate
    $1200 10
Suzuki

Rob
    $1200 13
hard and chard

Rob
    $1600 20
banana

Joe
    $1600 24
Steppenwolf (or wolf)

Kate
    $1600 19
(Rob: What is St. Patrick's Day?)

the May Day parade

Rob
Triple Stumper
    $1600 28
red, white and green

Rob
    $1600 11
(Whitey) Ford

Rob
    $1600 14
lane and lance

Rob
    $3,000 25
(Alex: Kate?)
...
(Alex: Less than a minute to go.)

Elmer Gantry

Kate
    $2000 26
the gold standard

Triple Stumper
    $2000 29
[The end-of-round signal sounds.]

red, white and blue

Triple Stumper
    $2000 12
(Joe: What are the San Francisco 49ers?)

the (Oakland) Raiders

RobJoe
    $2000 15
ion and icon

Rob

Scores at the end of the Double Jeopardy! Round:

Rob Kate Joe
$20,400 $0 $5,800
(lock game)

[wagering suggestions for these scores]

Final Jeopardy! Round responses

THE OSCARS
JoeWho is Capra?
$0
RobWho is Capra?
$0
Frank Capra

Final scores:

Rob Kate Joe
$20,400 $0 $5,800
2-day champion: $40,001 3rd place: $1,000 2nd place: $2,000

Game dynamics:

Coryat scores:

Rob Kate Joe
$20,400 $3,200 $5,600
26 R,
3 W
7 R,
5 W
(including 2 DDs)
12 R
(including 1 DD),
2 W

Combined Coryat: $29,200

[game clues] [game scores] [suggest correction]

Game tape date: Unknown
The J! Archive is created by fans, for fans. Scraping, republication, monetization, and malicious use prohibited; this site may use cookies and collect identifying information. See terms. The Jeopardy! game show and all elements thereof, including but not limited to copyright and trademark thereto, are the property of Jeopardy Productions, Inc. and are protected under law. This website is not affiliated with, sponsored by, or operated by Jeopardy Productions, Inc. Join the discussion at JBoard.tv.